000 00391 a2200169 4500
001 45063
020 _a8510025673
040 _cAnchieta - Aquarius
100 _aNery, Salvador Barletta
240 1 0 _aO castelo do sr. Hildson
_lpor
245 1 0 _aO castelo do sr. Hildson
300 _a31
362 0 _a2000
440 1 _aEditora do Brasil
650 4 _aLiteratura juvenil
942 _cBK
999 _c45063
_d45063